All-day nightmare / (Record no. 21271)

MARC details
000 -LEADER
fixed length control field 02752cam a22004333a 4500
005 - DATE AND TIME OF LATEST TRANSACTION
control field 20030306201221.0
008 - FIXED-LENGTH DATA ELEMENTS--GENERAL INFORMATION
fixed length control field 000117s2000 nyu j 000 1 eng d
010 ## - LCCN (DPL NO)
LC control number B-330478-484
020 ## - INTERNATIONAL STANDARD BOOK NUMBER
International Standard Book Number 0439135303
Terms of availability 95.00
020 ## - INTERNATIONAL STANDARD BOOK NUMBER
International Standard Book Number 9780439135306
Terms of availability 95.00
035 ## - SYSTEM CONTROL NUMBER
System control number B-330478-484
035 ## - SYSTEM CONTROL NUMBER
System control number B-358530
037 ## - SOURCE OF ACQUISITION
Source of stock number/acquisition The Wise Owl
040 ## - CATALOGING SOURCE
Original cataloging agency dpl
082 ## - DEWEY DECIMAL CLASSIFICATION NUMBER
Classification number S
100 ## - MAIN ENTRY--PERSONAL NAME
Personal name Stine, R. L.
245 ## - TITLE STATEMENT
Title All-day nightmare /
Statement of responsibility, etc by R.L. Stine.
260 ## - PUBLICATION, DISTRIBUTION, ETC. (IMPRINT)
Place of publication, distribution, etc New York
Name of publisher, distributor, etc Scholastic Inc.
Date of publication, distribution, etc 2008.
270 ## - ADDRESS
Address 557 Broadway
City Newyork
Postal code NY 10012
300 ## - PHYSICAL DESCRIPTION
Extent 137p.
Dimensions 20 cm. (pbk)
490 ## - SERIES STATEMENT
Series statement Give yourself goosebumps ;42
500 ## - GENERAL NOTE
General note "An Apple paperback."
500 ## - GENERAL NOTE
General note "A Parachute Press book"--T.p. verso.
655 ## - INDEX TERM--GENRE/FORM
Genre/form data or focus term Horror stories.
Source of term gsafd
710 ## - ADDED ENTRY--CORPORATE NAME
Corporate name or jurisdiction name as entry element Copyright Paperback Collection (Library of Congress)
800 ## - SERIES ADDED ENTRY--PERSONAL NAME
Personal name Stine, R. L.
Title of a work Give yourself goosebumps ;42
942 ## - ADDED ENTRY ELEMENTS (KOHA)
Source of classification or shelving scheme Dewey Decimal Classification
Item type Children Books
Classification part S
Call number suffix STI
Holdings
Withdrawn status Lost status Source of classification or shelving scheme Damaged status Not for loan Collection code Home library Current library Date acquired Source of acquisition Cost, normal purchase price Total Checkouts Full call number Barcode Date last seen Copy number Cost, replacement price Koha item type Total Renewals Public note
    Dewey Decimal Classification     Fiction Central Library Central Library 13/07/2009 The wise owl /005/15.5.09/15/23.4.09/3.6.09 95.00 2 S STI B-330478 10/07/2025 1 95.00 Children Books    
    Dewey Decimal Classification     Fiction Janak Puri Janak Puri 24/09/2009 The Wise Owl /018/14.9.09/91/2.9.09/16.9.09 95.00 31 S STI B-358530 20/06/2026 1 95.00 Children Books 1  
    Dewey Decimal Classification     Fiction Karol Bagh Karol Bagh 13/07/2009 The wise owl /005/15.5.09/15/23.4.09/3.6.09 95.00   S STI B-330483 13/07/2009 1 95.00 Children Books    
  Written-off vide DLB M. No. 383 dt 16.05.19 Dewey Decimal Classification     Fiction Patel Nagar Patel Nagar 13/07/2009 The wise owl /005/15.5.09/15/23.4.09/3.6.09 95.00   S STI B-330479 13/07/2009 1 95.00 Children Books    
  Lost and Paid For Dewey Decimal Classification     Fiction Sarojini Nagar Sarojini Nagar 13/07/2009 The wise owl /005/15.5.09/15/23.4.09/3.6.09 95.00   S STI B-330480 13/07/2009 1 95.00 Children Books    
    Dewey Decimal Classification     Fiction Sarojini Nagar Sarojini Nagar 13/07/2009 The wise owl /005/15.5.09/15/23.4.09/3.6.09 95.00 4 S STI B-330481 24/01/2026 1 95.00 Children Books 2  
Written off   Dewey Decimal Classification     Fiction Shahdara Branch Shahdara Branch 13/07/2009 The wise owl /005/15.5.09/15/23.4.09/3.6.09 95.00   S STI B-330484 13/07/2009 1 95.00 Children Books   Written off on approval by DLB (By Circulation); dtd 20.12.2022
    Dewey Decimal Classification     Fiction Vinoba Puri Vinoba Puri 13/07/2009 The wise owl /005/15.5.09/15/23.4.09/3.6.09 95.00 10 S STI B-330482 06/05/2019 1 95.00 Children Books 1  

© Delhi Public Library
Hit Counter
free hit counter